Plastičeskaja deformacija metallov. Tom 2 /

Saved in:
Bibliographic Details
Main Author: Gubkin, S.I (Author)
Format: Book
Language:Russian
Published: Moskva : Metallurgizdat, 1960
Subjects:
Tags: Add Tag
No Tags, Be the first to tag this record!

MARC

LEADER 00000nam a22000003a 4500
001 stu36613
005 20150617225726.5
008 920611s1960----xxr-----------------rus-d
040 |a STU  |b slo 
041 0 |a rus 
044 |a xxr 
080 |a 539.374 
100 1 |a Gubkin, S.I  |4 aut 
245 1 |a Plastičeskaja deformacija metallov. Tom 2 /  |c [aut.]S.I. Gubkin 
260 |a Moskva :  |b Metallurgizdat,  |c 1960 
300 |a 416 s 
650 7 |a Deformácie plastické  |2 stusub 
996 |b 284M061878  |c M*3342/2-1  |l MMKN  |s A  |a 24  |w stu36613_0001